000 02252nam a2200421 c 4500
003 BLK
005 20250709095240.0
008 180411b bul|||||r ||||||| ||bul||
010 _aKNG00189075000
020 _a978-954-09-1056-7
_bиздат.: Захарий Стоянов - на том(кн. 2)
040 _aBLK
041 _aBUL
_cBUL
072 7 _2bullib
_aН37
_xОбразование. Педагогика Н
080 _aОбразование и статут на учителите и преподавателите. Педагогическа етика - Квалификация на учителите, положение в професията и обществото. Вж и 174
_b371.13/.16
_x
_z371.13/.16
080 _aМетоди и форми на обучение. Вж и 371.64/.69
_b371.3
_x
_z371.3
080 _aОрганизация на възпитанието и образованието. Училищно дело.
_b37.09
_x.015.3
_z37.09.015.3
100 1 _aКолишев, Николай Стоянов
_eпърви автор
_981540
139 _aКолишев, Николай Стоянов
_bК 78
245 1 0 _aПедагогическите умения на учителите: теоретични модели
_bКн. 1 -
_cНиколай Стоянов Колишев.
_nКн. 2
257 _aBGR
260 София
_c2008 -
_fЗа том: София : Миг принт
300 _c20 см
380 _a3
650 4 _aУчители - подготовка
_9245694
650 4 _aОбучение - методика
_9321569
650 4 _aДетска и педагогическа психология
_9244538
653 _aучители
653 _aквалификация
653 _aобучение
659 _aН
760 1 _3- на том(кн. 2)
_aКолишев, Николай Стоянов
_dЗахарий Стоянов, 2016
_h456 с. : с ил.
_nНа кор. означено 4. - Библиогр. с. 443-454
_tКн. 2
852 _aЦб 245047
856 4 _qpdf
_u
856 4 _qpdf
_u
942 _cKNG
_n0
_06
944 _aCR
_c07.07.2016
_k30530
_lМинев Младен
944 _aED
_c15.11.2016
_kПенка_Димитрова
999 _c180237
_d180237